Air Baltic Destinations (2024) - Statistics

General Stats
  • This quiz has been taken 75 times
  • The average score is 60 of 79
Answer Stats
Hint Answer % Correct
Austria Vienna
96%
Germany Berlin
94%
Denmark Copenhagen
94%
Finland Helsinki
94%
Czech Republic Prague
94%
Estonia Tallinn
94%
Azerbaijan Baku
92%
Belgium Brussels
92%
Germany Munich
92%
Bulgaria Sofia
92%
Greece Athens
90%
Germany Frankfurt
90%
Italy Milan
90%
France Paris
90%
Italy Rome
90%
Albania Tirana
90%
Portugal Lisbon
88%
Spain Madrid
88%
Latvia Riga
88%
Croatia Split
88%
Armenia Yerevan
88%
Spain Barcelona
87%
Hungary Budapest
87%
Ireland Dublin
87%
Iceland Reykjavik
87%
Netherlands Amsterdam
85%
Italy Naples
85%
Norway Oslo
85%
United Arab Emirates Dubai
83%
Croatia Dubrovnik
83%
Portugal Porto
83%
Georgia Tbilisi
83%
Israel Tel Aviv
83%
Lithuania Vilnius
83%
Austria Salzburg
81%
Sweden Stockholm
81%
Italy Venice
81%
Switzerland Zurich
81%
Romania Bucharest
79%
Germany Dusseldorf
79%
Turkey Istanbul
79%
United Kingdom London
79%
France Nice
79%
Serbia Belgrade
77%
Switzerland Geneva
77%
Cyprus Larnaca
77%
Malta Malta
77%
Morocco Marrakesh
77%
North Macedonia Skopje
77%
Greece Heraklion
75%
Moldova Chisinau
73%
Sweden Gothenburg
73%
Spain Malaga
71%
Greece Thessaloniki
71%
Norway Bergen
69%
Denmark Billund
69%
Slovenia Ljubljana
69%
Kosovo Pristina
69%
Bulgaria Burgas
67%
Italy Catania
67%
Greece Corfu
67%
Greece Rhodes
67%
Spain Alicante
65%
Spain Palma de Mallorca
65%
Finland Tampere
63%
Finland Turku
63%
Spain Tenerife
62%
Spain Valencia
62%
Spain Gran Canaria
58%
Morocco Agadir
56%
Georgia Batumi
56%
Czech Republic Ostrava
56%
Italy Pisa
56%
Italy Verona
56%
Montenegro Tivat
54%
Finland Kittilä
42%
Italy Olbia
42%
Lithuania Palanga
40%
United Kingdom Aberdeen
21%
No matching quizzes found
Score Distribution
Percent of People with Each Score
Percentile by Number Answered
Your Score History
You have not taken this quiz